000 01641nam a22001577a 4500
041 _aukr
080 _a09
090 _bКНВ
100 _aКлімчук Н.В.
245 _aПроблеми ненормативності англійської мови у музиці стилю хіп хоп (на основі текстів пісень Тупака Шакура)
260 _aОстрог
_bКАФ
_c2007
300 _a51
520 _aВСТУП. РОЗДІЛ 1. ПОНЯТТЯ ЛІНГВІСТИЧНОЇ НОРМИТА ВІДХИЛЕННЯ ВІД НОРМИ, ЛІТЕРАТУРНА ТА НЕЛІТЕРАТУРНА АНГЛІЙСЬКА МОВА. РОЗДІЛ 2. ЗАГАЛЬНА ХАРАКТЕРИСТИКА РОЗВИТКУ АНГЛІЙСЬКОЇ МОВИ АФРО- АМЕРИКАНЦІВ. 2.1. Піджинізація. 2.2. Креолізація. 2.3. Афро американський варіант англійської мови (Black English). РОЗДІЛ 3. АНАЛІЗ МОВНИХ ВІДХИЛЕНЬ У ТЕКСТАХ ПІСЕНЬ ТУПАКА ШАКУРА. 3.1. Фонологічні ознаки ненормативності. 3.2. Графічні ознаки ненормативності. 3.3. Лексико семантичні ознаки ненормативності. 3.4. Граматичні ознаки ненормативності. 3.4.1. Морфологічні особливості. 3.4.2. Синтаксичні особливості. ВИСНОВКИ.
_0Ненормативність англійської мови, музика.
650 _aResearch Papers
999 _c283972
_d283972
942 _cBK